| 000 | 00709nam a2200217 u 4500 | ||
|---|---|---|---|
| 005 | 20240813063847.0 | ||
| 008 | 171013s2007 ea 000 0 spa d | ||
| 020 | _a1404265961 | ||
| 035 | _aUPN01000220947 | ||
| 049 | _aI | ||
| 050 | 4 |
_aTX355 _bH6.5 |
|
| 100 | 1 |
_aHoffman, Mary Ann, _d1947- _933606 |
|
| 245 | 1 | 0 |
_aMónica prepara una malteada / _cMary Ann Hoffman ; tr. Lissette Iluminada González. |
| 260 |
_aNew York : _bRosen Classroom Books & Materials, _c2007. |
||
| 300 |
_a8 p. : _bprincipalmente il. col. |
||
| 440 | 0 |
_aLecturas del barrio. _pProcedimiento |
|
| 650 | 4 |
_aAlimentos _vLiteratura infantil _921621 |
|
| 650 | 4 |
_aNiños _xNutrición _95247 |
|
| 905 | _aInfantil | ||
| 999 |
_c193046 _d193046 |
||